Statistics for LUCAS

Click here to take the quiz!

General Stats

  • This quiz has been taken 4 times
  • The average score is 8 of 14

Answer Stats

HintAnswer% Correct
What number was on my high school baseball jersey6
100%
What country did I try to get into without my passportCanada
100%
What is my dad's first nameMartin
100%
What instrument did I play in high schoolTrombone
100%
How many siblings do I haveZero
100%
What superlative did I win in high schoolBest Shoulder to cry on
50%
What was the name of my childhood dogGryffi
Raven
50%
What is my mom's first nameLinda
50%
What city is one of three MLB stadiums I have not been to located inToronto
Minneapolis
Milwaukee
50%
What was the first instrument I played in bandTrumpet
50%
In which competition did I get fourth place in middle schoolGeography Bee
0%
What was the first concert I went to (Hint: I fell asleep)Kiss
0%
What is my middle nameMadrigal
0%
What player inspired that numberStan Musial
0%

Score Distribution

Percentile by Number Answered

Percent of People with Each Score

Your Score History

You have not taken this quiz